Bhartṛhari-nirveda. (Record no. 74093)

MARC details
000 -LEADER
fixed length control field 00565cam a22002291 4500
001 - CONTROL NUMBER
control field sa 67003816
003 - CONTROL NUMBER IDENTIFIER
control field DLC
005 - DATE AND TIME OF LATEST TRANSACTION
control field 20260227112341.0
008 - FIXED-LENGTH DATA ELEMENTS--GENERAL INFORMATION
fixed length control field 940914q19631964ii c 000 0 nepo
010 ## - LIBRARY OF CONGRESS CONTROL NUMBER
LC control number sa 67003816
025 ## - OVERSEAS ACQUISITION NUMBER
Overseas acquisition number PL480:N-83
035 ## - SYSTEM CONTROL NUMBER
System control number (OCoLC)31115861
040 ## - CATALOGING SOURCE
Original cataloging agency DLC
Transcribing agency CU
Modifying agency CU
-- DLC
042 ## - AUTHENTICATION CODE
Authentication code premarc
050 00 - LIBRARY OF CONGRESS CALL NUMBER
Classification number PK2598.P68
Item number B48
100 1# - MAIN ENTRY--PERSONAL NAME
Personal name Pauḍyāla, Lekhanātha,
Dates associated with a name 1884-1966.
245 10 - TITLE STATEMENT
Title Bhartṛhari-nirveda.
260 ## - PUBLICATION, DISTRIBUTION, ETC.
Date of publication, distribution, etc. [1963/64]
300 ## - PHYSICAL DESCRIPTION
Extent 2, 124 p.
Other physical details port.
Dimensions 19 cm.
500 ## - GENERAL NOTE
General note In Nepali.
500 ## - GENERAL NOTE
General note A play.

No items available.

Powered by Koha